Genomics of plants and fungi (Record no. 42634)

MARC details
000 -LEADER
fixed length control field 00406nam a2200157Ia 4500
020 ## - INTERNATIONAL STANDARD BOOK NUMBER
ISBN 0824741250
082 ## - DEWEY DECIMAL CLASSIFICATION NUMBER
Classification number 577.21:575
Item number PRA
100 ## - MAIN ENTRY--AUTHOR NAME
Personal name Bohnert, Hans J
245 #0 - TITLE STATEMENT
Title Genomics of plants and fungi
260 ## - PUBLICATION, DISTRIBUTION, ETC. (IMPRINT)
Place of publication New York
Name of publisher Marcel Dekker
Year of publication 2003
650 ## - SUBJECT ADDED ENTRY--TOPICAL TERM
Topical Term Bioinformatics
650 ## - SUBJECT ADDED ENTRY--TOPICAL TERM
Topical Term Molecular genetics
700 ## - ADDED ENTRY--PERSONAL NAME
Personal name Prade, Rolf A
942 ## - ADDED ENTRY ELEMENTS (KOHA)
Koha item type Books
Holdings
Withdrawn status Lost status Damaged status Not for loan Home library Current library Date acquired Cost, normal purchase price Full call number Accession Number Koha item type
        RRII Library RRII Library 16/12/2021 125.00 577.21:575 PRA 22903 Books